000 00354nam a2200109Ia 4500
008 220217s9999||||xx |||||||||||||| ||und||
100 _aSinghal, Sandeep Bridgeman, Thoms. Etal.
_92134
245 0 _aWireless application protocal
260 _aPearson education of asia
_bNew Delhi
_c2001
300 _aXX, 678p.
_b450
650 _aWIRELESS COMMUNICATION
999 _c170257
_d170257